| 000 | 00797cam a2200253 a 4500 | ||
|---|---|---|---|
| 020 | _a1566395399 | ||
| 020 | _a1566395402 | ||
| 040 | _cDLC | ||
| 082 | 0 | 0 | _a820 INT1999 C157 Or. |
| 100 | 1 | _aChancy, Myriam J. A., | |
| 245 | 1 | 0 |
_aSearching for safe spaces : _bAfro-Caribbean women writers in exile / |
| 300 |
_axxv, 246 pages ; _c24 cm. |
||
| 650 | 0 | _aCaribbean literature (English) | |
| 650 | 0 | _aWest Indian literature (English) | |
| 650 | 0 | _aCaribbean literature (English) | |
| 650 | 0 | _aWest Indian literature (English) | |
| 650 | 0 | _aAlienation (Social psychology) in literature | |
| 650 | 0 | _aWomen and literature | |
| 650 | 0 | _aWomen and literature | |
| 650 | 0 | _aMinorities in literature | |
| 650 | 0 | _aOutsiders in literature | |
| 650 | 0 | _aExiles in literature | |
| 942 | _cAEDBB | ||
| 999 |
_c18999 _d18999 |
||